000 01001cad a22002055a 4500
001 E152223
008 110214s2011 xxk f 000 0 eng d
020 _a9780755998333
035 _a(Sirsi) u152223
041 0 _aeng
110 2 _aScotland
_bScottish Government
_95344
245 0 4 _aGuidance on the use of compulsory purchase
_ba consultation paper
_h[electronic resource]
260 _aEdinburgh
_bScottish Government
_c2011
520 _aSeeks views on two draft circulars which will clarify the use of compulsory purchase. One circular offers guidance to authorities with compulsory purchase powers, and the other amends the Crichel Down Rules. Deadline for comments is 6 May 2011.
590 _aKA
651 4 _aScotland
_y1999-
690 _aENVIRONMENTAL AND LAND CONSULTANCY-PLANNING AND DEVELOPMENT-COMPULSORY PURCHASE AND COMPENSATION
856 4 0 _uhttps://www.scotland.gov.uk/Publications/2011/02/11121341/0
_zView the consultation free of charge at www.scotland.gov.uk
942 _n0
999 _c111927
_d111927